| 000 | 00693nam a22002057a 4500 | ||
|---|---|---|---|
| 003 | 0 | ||
| 005 | 20240808093454.0 | ||
| 008 | 240808b xxu||||| |||| 00| 0 eng d | ||
| 020 | _a978-1-98468-534-6 | ||
| 050 |
_aRJ 131 _b.T57 2024 |
||
| 110 | _43G E-Learning | ||
| 245 |
_aNurse digest: normal pediatric developmental milestones _c3G E-Learning |
||
| 260 |
_aNew York, New York _b3G E-Learning, LLC _c2024 |
||
| 300 |
_axv, 288 pages : _bcolored illustrations and pictures ; _c23cm. |
||
| 504 | _aIncludes bibliographical references, index, and glossary. | ||
| 650 | _aPediatrics--Examinations, Diagnosis. | ||
| 650 | _aPediatrics. | ||
| 650 | _aChild health. | ||
| 942 |
_2lcc _cBK |
||
| 999 |
_c366060 _d366060 |
||